000 00226nam a2200097Ia 4500
008 190216s9999||||xx |||||||||||||| ||und||
100 _aAbdul Hassan
245 0 _aAl-Anvar Misbahus-Saroor
260 _bMusthafal Badi&Son
942 _cBK
999 _c25
_d25